<?xml version="1.0" encoding="UTF-8"?>
<collection xmlns="http://www.loc.gov/MARC21/slim">
 <record>
  <leader>00722nam a2200145   4500</leader>
  <controlfield tag="001">1/22234</controlfield>
  <controlfield tag="008">980623s1981    gr            00000 gre d</controlfield>
  <datafield tag="035" ind1=" " ind2=" ">
   <subfield code="l">23107</subfield>
  </datafield>
  <datafield tag="082" ind1="0" ind2="0">
   <subfield code="a">360 ΤΣΟ</subfield>
  </datafield>
  <datafield tag="100" ind1="1" ind2=" ">
   <subfield code="a">Τσουγιόπουλος, Γιώργος Σ.</subfield>
  </datafield>
  <datafield tag="245" ind1="1" ind2="3">
   <subfield code="a">Το ελληνικό αστικό κέντρο 2ο μέρος:</subfield>
   <subfield code="b">δεύτερο μέρος: η περίπτωση της Λάρισας/</subfield>
   <subfield code="c">Γιώργου Τσιουγιόπουλου</subfield>
  </datafield>
  <datafield tag="260" ind1=" " ind2=" ">
   <subfield code="a">Αθήνα:</subfield>
   <subfield code="b">Εθνικό Κέντρο Κοινωνικών Ερευνών,</subfield>
   <subfield code="c">1981</subfield>
  </datafield>
  <datafield tag="300" ind1=" " ind2=" ">
   <subfield code="a">184 σ.:</subfield>
   <subfield code="b">πιν.;</subfield>
   <subfield code="c">24εκ.</subfield>
  </datafield>
  <datafield tag="650" ind1=" " ind2="4">
   <subfield code="a">Αστικό κέντρο.</subfield>
  </datafield>
  <datafield tag="852" ind1=" " ind2=" ">
   <subfield code="a">INST</subfield>
   <subfield code="b">UNIPILB</subfield>
   <subfield code="c">MAIN</subfield>
   <subfield code="e">20051021</subfield>
   <subfield code="h">360 ΤΣΟ</subfield>
   <subfield code="p">00149752</subfield>
   <subfield code="q">00149752</subfield>
   <subfield code="t">LOAN</subfield>
   <subfield code="y">0</subfield>
   <subfield code="4">1</subfield>
  </datafield>
 </record>
</collection>
